Countries Hidden in Words - Statistics

General Stats
  • This quiz has been taken 537 times
  • The average score is 9 of 14
Answer Stats
Hint Definition Answer % Correct
P _ _ _ _ H A Dangerous fish Iran (PIRANHA)
95%
_ _ G I _ N _ _ G Start Benin (BEGINNING)
86%
_ _ P _ O _ R D Storage cabinet Cuba (CUPBOARD)
74%
I N _ _ I _ _ L _ At the beginning Italy (INITIALLY)
74%
O R _ _ _ R _ Land planted with fruit trees Chad (ORCHARD)
73%
C _ _ R _ _ _ E S Organizations that give Haiti (CHARITIES)
71%
_ _ E _ R M _ _ T Chewing gum flavor Spain (SPEARMINT)
69%
V A _ _ _ _ _ D S Homeless wanderers Gabon (VAGABONDS)
60%
_ T E _ _ B _ _ T Type of watercraft Samoa (STEAMBOAT)
53%
_ _ _ L _ I _ S T Most cold Chile (CHILLIEST)
52%
_ O R _ _ _ T Y Knowledge of rights and wrongs Mali (MORALITY)
52%
_ L _ C T _ _ M Used to pluck a guitar Peru (PLECTRUM)
51%
_ _ M P P _ _ T Found in Narnia Laos (LAMPPOST)
40%
_ _ _ _ R E _ T Be cruel or mean to someone Malta (MALTREAT)
15%
No matching quizzes found
Score Distribution
Percent of People with Each Score
Percentile by Number Answered
Your Score History
You have not taken this quiz